Eficiencia técnica de la lechería pampeana. Fronteras estocásticas con heterogeneidad observada y no observada (Registro nro. 32207)
[ vista simple ]
| 000 -LEADER | |
|---|---|
| fixed length control field | 00470 a2200133 4500 |
| 001 - CONTROL NUMBER | |
| control field | ART_45507 |
| 005 - DATE AND TIME OF LATEST TRANSACTION | |
| control field | 20260410162011.0 |
| 008 - FIXED-LENGTH DATA ELEMENTS--GENERAL INFORMATION | |
| fixed length control field | 260409a |
| 100 1# - MAIN ENTRY--PERSONAL NAME | |
| Personal name | Pace Guerrero, Ignacio |
| 245 10 - TITLE STATEMENT | |
| Title | Eficiencia técnica de la lechería pampeana. Fronteras estocásticas con heterogeneidad observada y no observada |
| 700 1# - ADDED ENTRY--PERSONAL NAME | |
| Personal name | Gastaldi, Laura Beatriz |
| 700 1# - ADDED ENTRY--PERSONAL NAME | |
| Personal name | Gatti, Nicolás |
| 773 0# - HOST ITEM ENTRY | |
| Title | Cuadernos del CIMBAGE |
| Related parts | - Nº 19 (mayo 2017) |
| Record control number | REV34895 |
No hay ítems disponibles.